Derecho concursal: delitos de la quiebra

Zapisane w:
Opis bibliograficzny
1. autor: Puga Vial, Juan Esteban (Autor)
Format: Książka
Język:hiszpański
Wydane: Santiago Jurídica de Chile 2002
Wydanie:2a. ed
Hasła przedmiotowe:
Etykiety: Dodaj etykietę
Nie ma etykietki, Dołącz pierwszą etykiete!

MARC

LEADER 00000nam a2200000 a 4500
001 UCM4401
003 CL-VaPUC
008 020823e20020000CL |||||||||||||||||spa|d
082 0 4 |a 346.83078  |b PUG  |2 21 
100 0 |a Puga Vial, Juan Esteban  |e author  |9 470930 
245 1 0 |a Derecho concursal: delitos de la quiebra 
250 |a 2a. ed 
300 |a 394 p 
942 |c BK 
945 |d 20020823 00:00:00  |a vberengu 
260 |a Santiago  |b Jurídica de Chile  |c 2002 
650 0 |a Quiebra  |9 255386 
650 0 |a Delitos  |9 224143 
651 7 |a CHILE  |2 CL-VaPUC  |9 470931 
583 |a last modification  |c 20020823 00:00:00  |k Rodrigo Vera 
999 |c 301121  |d 301119 
952 |0 0  |1 0  |4 0  |6 346_830780000000000_PUG_2002  |7 0  |8 A  |9 359835  |a BIBDER  |b BIBDER  |d 2019-11-21  |i 3837777  |o 346.83078 PUG 2002  |p 3837777  |r 2023-01-25  |w 2019-11-21  |y BK  |k DER